Statistics for Chinese Physical Features

Click here to take the quiz!

General Stats

  • This quiz has been taken 13 times
  • The average score is 13 of 20

Answer Stats

Hint Answer % Correct
World's highest mountainMount Everest
100%
Major river also known as the Huang HeYellow
100%
Sea containing the disputed Spratly IslandsSouth China Sea
100%
Region invaded by the Japanese in the northeastManchuria
100%
Desert in China and MongoliaGobi
100%
China's longest riverYangtze
100%
Major river on the Russian borderAmur
91%
Largest island according to ChinaTaiwan
82%
World's largest plateauTibet
82%
River who's delta is very populousPearl
73%
Largest islandHainan
73%
Chinese province famous for pandas and a 2008 earthquakeSichuan
55%
Mountain range north of TibetKunlun
45%
Largest lake in ChinaQinghai
45%
Large bay/sea near BeijingBohai
45%
Peninsula northeast of this seaLiaodong
36%
Peninsula southeast of this seaShandong
36%
Mountain range south of UrumqiTian Shan
36%
Mountain range near Mongolia, Kazakhstan, and RussiaAltay Mountains
36%
Highest mountain entirely in ChinaKailash
9%

Score Distribution

Percentile by Number Answered

Percent of People with Each Score

Your Score History

You have not taken this quiz